000 00201 a2200097 4500
020 _a9780141371351
041 _aeng
100 _aRoald Dahl
245 _aCharlie and the Chocolate Factory
942 _cBK
999 _c29004
_d29002